| 000 | 00765nam a2200253 a 4500 | ||
|---|---|---|---|
| 001 | 15928 | ||
| 003 | BD-RjUL | ||
| 005 | 20211208235920.0 | ||
| 008 | 140211s1984 njuak 001 0 eng d | ||
| 020 | _a0138516766 | ||
| 035 | _a(BD-RjUL)15983 | ||
| 040 |
_aBD-RjUL _beng _cBD-RjUL _dBD-RjUL |
||
| 041 | _aeng | ||
| 082 | 0 | 0 |
_a658.4012 _219 _bHAS 1984 |
| 100 | 1 |
_aHax, Arnoldo C. _949364 |
|
| 245 | 1 | 0 |
_aStrategic management : _cby Arnoldo C. Hax, _ban integrative perspective / |
| 260 |
_aNew Jersey : _bPrentice-Hall International, _c1984 |
||
| 300 |
_axvii, 468 p. : _billus. ; _c23 cm. |
||
| 504 | _aIncludes bibliographies and index | ||
| 650 | 0 |
_aStrategic planning. _949365 |
|
| 700 | 1 |
_aMajluf, Nicolas S. _949366 |
|
| 942 |
_2ddc _cBK |
||
| 999 |
_c15928 _d15928 |
||